Sports Quiz

Random Sports Quiz

Michigan Career Rushing Leaders (1949-) Quiz Stats

Quiz not verified by Sporcle

Challenge
Share
Tweet
Embed
Score 0/20 Timer 06:00
0 Plays Today
Yards Player % Correct
5189Michael Hart
93.7%
4645Anthony Thomas
78%
3821Chris Perry
77.7%
4287Tyrone Wheatley
62.9%
2911Tshimanga Biakabutuka
49.4%
4526Jamie Morris
42.8%
2524Ron Johnson
27.4%
3998Butch Woolfolk
22.6%
2689Rick Leach
22.3%
3330Rob Lytle
19.8%
Yards Player % Correct
2680Ricky Powers
16%
2319Tony Boles
14.5%
3165Billy Taylor
12.3%
2988Gordon Bell
11.3%
2560Russell Davis
10.1%
2706Harlan Huckleby
9.4%
2252Stanley Edwards
9.1%
2339Ed Shuttlesworth
7.2%
2856Lawrence Ricks
6%
2036Chuck Heater
3.5%

You're not logged in!

Compare scores with friends on all Sporcle quizzes.
Sign Up with Email
OR
Log In

You Might Also Like...

Show Comments

Extras

Top Quizzes Today


Score Distribution

Your Account Isn't Verified!

In order to create a playlist on Sporcle, you need to verify the email address you used during registration. Go to your Sporcle Settings to finish the process.

Report this User

Report this user for behavior that violates our Community Guidelines.

Details: